Návrh konštrukcie prípravku vo firme Semikron, s.r.o.

Gespeichert in:
Bibliographische Detailangaben
1. Verfasser: Puvák, Šimon, 1990- (Verfasst von)
Weitere Verfasser: Václav, Štefan, 1976- (Betreuung Doktorarbeit)
Format: Manuskript Buch
Sprache:Slowakisch
Veröffentlicht: 2015
Schlagworte:
Online-Zugang:http://is.stuba.sk/zp/portal_zp.pl?podrobnosti=110607
Tags: Tag hinzufügen
Keine Tags, Fügen Sie das erste Tag hinzu!

MARC

LEADER 00000ntm a22000003a 4500
001 stuzp50223
003 SK-STU
005 20160719153508.9
007 ta
008 150427s2015----xo-----f-mn---000-0-slo-d
040 |a STU  |b slo 
041 0 |a slo 
100 1 |a Puvák, Šimon,  |d 1990-  |u 063000  |4 aut  |U MTF Materiálovotechnologická fakulta  |T MTF Ústav výrobných technológií  |X 6611  |U M3000  |Y 83  |7 A000006611 
242 0 1 |a The structural design in the company Semikron, s.r.o. Vrbové  |y eng 
245 1 0 |a Návrh konštrukcie prípravku vo firme Semikron, s.r.o. 
260 |c 2015 
650 4 |a SolidWorks  |2 slo 
650 4 |a Prípravok  |2 slo 
650 4 |a Semikron  |2 slo 
650 4 |a SolidWorks  |2 eng 
650 4 |a Semikron  |2 eng 
650 4 |a Jig  |2 eng 
700 1 |a Václav, Štefan,  |d 1976-  |4 ths  |X 2778  |7 A000002778 
856 4 |u http://is.stuba.sk/zp/portal_zp.pl?podrobnosti=110607 
996 |c M* DP-12402  |l MMSKP  |s P  |a 0  |w stuzp50223_0001 
SQL |a stuzp50223  |b DDP  |c SLO  |d Návrh konštrukcie prípravku vo firme Semikron, s.r.o.  |e 6611  |f Puvák, Šimon  |g 063000  |h 2778  |i Václav, Štefan  |j 20150604  |k 187  |l 06  |m http://is.stuba.sk/zp/portal_zp.pl?podrobnosti=110607  |n I-PPN  |o 5.2.51. výrobné technológie